<?xml version="1.0" encoding="UTF-8"?><marc:collection xmlns:marc="http://www.loc.gov/MARC21/slim">
  <marc:record>
    <marc:leader>00000nam  2200000za 4500</marc:leader>
    <marc:controlfield tag="001">9.806357</marc:controlfield>
    <marc:controlfield tag="003">CaOODSP</marc:controlfield>
    <marc:controlfield tag="005">20221107135856</marc:controlfield>
    <marc:controlfield tag="007">cr |||||||||||</marc:controlfield>
    <marc:controlfield tag="008">160420s2016    oncdo   ob   f000 0 eng d</marc:controlfield>
    <marc:datafield tag="020" ind1=" " ind2=" ">
      <marc:subfield code="a">978-0-660-03890-2</marc:subfield>
    </marc:datafield>
    <marc:datafield tag="040" ind1=" " ind2=" ">
      <marc:subfield code="a">CaOODSP</marc:subfield>
      <marc:subfield code="b">eng</marc:subfield>
    </marc:datafield>
    <marc:datafield tag="043" ind1=" " ind2=" ">
      <marc:subfield code="a">n-cn---</marc:subfield>
    </marc:datafield>
    <marc:datafield tag="086" ind1="1" ind2=" ">
      <marc:subfield code="a">HP35-65/2016E-PDF</marc:subfield>
    </marc:datafield>
    <marc:datafield tag="100" ind1="1" ind2=" ">
      <marc:subfield code="a">Freeman, John G.</marc:subfield>
      <marc:subfield code="q">(John Gregory),</marc:subfield>
      <marc:subfield code="d">1956-</marc:subfield>
    </marc:datafield>
    <marc:datafield tag="245" ind1="1" ind2="0">
      <marc:subfield code="a">Health Behaviour in School-aged Children (HBSC) in Canada </marc:subfield>
      <marc:subfield code="h">[electronic resource] : </marc:subfield>
      <marc:subfield code="b">focus on relationships / </marc:subfield>
      <marc:subfield code="c">John Freeman, Matthew King, William Pickett.</marc:subfield>
    </marc:datafield>
    <marc:datafield tag="260" ind1=" " ind2=" ">
      <marc:subfield code="a">[Ottawa] : </marc:subfield>
      <marc:subfield code="b">Public Health Agency of Canada, </marc:subfield>
      <marc:subfield code="c">c2016.</marc:subfield>
    </marc:datafield>
    <marc:datafield tag="300" ind1=" " ind2=" ">
      <marc:subfield code="a">viii, 194 p. : </marc:subfield>
      <marc:subfield code="b">fig., graphs, tables, photographs</marc:subfield>
    </marc:datafield>
    <marc:datafield tag="500" ind1=" " ind2=" ">
      <marc:subfield code="a">Issued also in French under title: Comportements de santé des jeunes d’âge scolaire au Canada, un accent sur les relations.</marc:subfield>
    </marc:datafield>
    <marc:datafield tag="500" ind1=" " ind2=" ">
      <marc:subfield code="a">The catalogue number (HP35-65/2016E) for the print edition has been copied in this electronic publication.</marc:subfield>
    </marc:datafield>
    <marc:datafield tag="504" ind1=" " ind2=" ">
      <marc:subfield code="a">Includes bibliographical references.</marc:subfield>
    </marc:datafield>
    <marc:datafield tag="520" ind1=" " ind2=" ">
      <marc:subfield code="a">The Health Behaviour in School-aged Children (HBSC) study is a continuing cross-national research project conducted in collaboration with the World Health Organization Regional Office for Europe. Its aim is to contribute new knowledge about health, well-being, and associated behaviours among young people aged 11-15 years. In 2014, the 7th cycle of HBSC in Canada, the student survey was administered to 29,784 young people in 377 Canadian schools. The 2014 Report differs from the previous 2010 Report in three significant respects. First, unlike the previous report, in which no young people from New Brunswick and Prince Edward Island participated, this survey includes data from all 10 Canadian provinces and all three Canadian territories. Second, this report includes information about a broader range of topics, such as sleep health, spiritual health, use of social media, and chronic conditions. Finally, whereas the previous report focused on mental health, the 2014 Report uses support from contexts (home, school, peers, and community) as its lens to answer the question: Do relationships matter?</marc:subfield>
    </marc:datafield>
    <marc:datafield tag="530" ind1=" " ind2=" ">
      <marc:subfield code="a">Issued also in printed form.</marc:subfield>
    </marc:datafield>
    <marc:datafield tag="692" ind1="0" ind2="7">
      <marc:subfield code="2">gccst</marc:subfield>
      <marc:subfield code="a">Children</marc:subfield>
    </marc:datafield>
    <marc:datafield tag="692" ind1="0" ind2="7">
      <marc:subfield code="2">gccst</marc:subfield>
      <marc:subfield code="a">Adolescents</marc:subfield>
    </marc:datafield>
    <marc:datafield tag="692" ind1="0" ind2="7">
      <marc:subfield code="2">gccst</marc:subfield>
      <marc:subfield code="a">Health</marc:subfield>
    </marc:datafield>
    <marc:datafield tag="692" ind1="0" ind2="7">
      <marc:subfield code="2">gccst</marc:subfield>
      <marc:subfield code="a">Interpersonal relations</marc:subfield>
    </marc:datafield>
    <marc:datafield tag="700" ind1="1" ind2=" ">
      <marc:subfield code="a">Pickett, William,</marc:subfield>
      <marc:subfield code="d">1962-</marc:subfield>
    </marc:datafield>
    <marc:datafield tag="700" ind1="1" ind2=" ">
      <marc:subfield code="a">King, Matthew A.</marc:subfield>
    </marc:datafield>
    <marc:datafield tag="710" ind1="2" ind2=" ">
      <marc:subfield code="a">Public Health Agency of Canada.</marc:subfield>
    </marc:datafield>
    <marc:datafield tag="775" ind1="0" ind2="8">
      <marc:subfield code="t">Comportements de santé des jeunes d'âge scolaire au Canada </marc:subfield>
      <marc:subfield code="w">(CaOODSP)9.806358</marc:subfield>
    </marc:datafield>
    <marc:datafield tag="856" ind1="4" ind2="0">
      <marc:subfield code="q">PDF</marc:subfield>
      <marc:subfield code="s">35.68 MB</marc:subfield>
      <marc:subfield code="u">https://publications.gc.ca/collections/collection_2016/aspc-phac/HP35-65-2016-eng.pdf</marc:subfield>
    </marc:datafield>
    <marc:datafield tag="986" ind1=" " ind2=" ">
      <marc:subfield code="a">Publication Number: 150150</marc:subfield>
    </marc:datafield>
  </marc:record>
</marc:collection>
